000 00604nam a22001937a 4500
003 0
005 20231114084328.0
008 231114b xxu||||| |||| 00| 0 eng d
020 _a978-621-4182-633
050 _aPE 1112
_b.M36 2022
100 _aManuel, Jomel B.
245 _aA modular approach to teaching: grammar & composition 1
_c Jomel B. Manuel
250 _a2022 edition
260 _aQuezon City
_bWiseman's Book Trading, Inc.
_cc2022.
300 _aiv, 230 pages ;
_c25 cm.
504 _aIncludes bibliographical references.
650 _aEnglish language--grammar.
942 _2lcc
_cBK
999 _c365597
_d365597